| 000 | 00993njm a2200301Ia 4500 | ||
|---|---|---|---|
| 001 | C4532 | ||
| 003 | IT-RoPAU | ||
| 005 | 20220918181210.0 | ||
| 008 | 131025s9999 xx 000 0 und d | ||
| 040 | _aIT-RoPAU | ||
| 040 | _cIT-RoPAU | ||
| 999 |
_c103686 _d103686 |
||
| 999 | _bn.d. | ||
| 100 |
_aBeethoven Ludwig Van _930009 |
||
| 100 |
_eAutore musica _930010 |
||
| 100 |
_gCodice autore musica SPICS: 10721 _930011 |
||
| 245 | _aSymphonies Nos. 1 & 2 | ||
| 250 | _a1a ed. | ||
| 260 | _aITALIA | ||
| 260 |
_bDDD - DROGUERIA DI DRUGOLO _c1986 [1a Ed.:1986] |
||
| 300 | _aCOMPACT DISC | ||
| 300 | _c63 minuti (Testo: 0 pag.) | ||
| 500 | _aMusica classica, sinfonica. | ||
| 505 | _aSymphony n. 2 in d major op. 36 - Symphony n. 1 in c major op.21 | ||
| 511 | _aEnglish Chamber Orchestra diretta da Michael Tilson Thoma | ||
| 650 |
_aSINFONICA [COMPACT DISC] _eCodice MATERIA SPICS: 9949 _916800 |
||
| 700 |
_aTilson Thomas Michael _gCodice interprete SPICS: 41249 _eInterprete _930012 |
||
| 942 |
_cCD _2ddc |
||